000 00599nam a2200241Ia 4500
003 OSt
005 20221005123343.0
006 a|||||r|||| 00| 0
007 ta
008 221004b |||||||| |||| 00| 0 eng d
024 _a11272
037 _cTextual
040 _aCRL
_cCRL
_beng
041 _2eng
_aeng
082 _aZ2,5, M0
100 _aLaxmi Shanker Ed.
_9130693
245 0 _aLaw and criminology
260 _c1980
650 _aLAW
700 _a Misra R K Ed.
_9463293
942 _hZ2,5, M0
_cTEXL
_2cc
999 _c1047175
_d1047175